Najnovšie trendy v oblasti mazania a povrchových úpravách pre ťahanie drôtu

Guardado en:
Detalles Bibliográficos
Autor principal: Beták, Michal, 1981- (Autor)
Otros Autores: Tittel, Viktor, 1948- (Orientador)
Formato: Manuscrito Libro
Lenguaje:eslovaco
Publicado: STU v Bratislave MTF UVTE KT, 2010
Materias:
Acceso en línea:VAIS
Etiquetas: Agregar Etiqueta
Sin Etiquetas, Sea el primero en etiquetar este registro!

MARC

LEADER 00000ntm a22000003a 4500
001 stu206199
005 20160719160157.0
008 100702s2010------------------------slo-d
040 |a STU  |b slo 
041 0 |a slo 
100 1 |a Beták, Michal,  |d 1981-  |4 aut  |X 31227  |7 A000031227 
242 0 0 |a Latest trends in lubricating and surface treatments for wire drawing.  |y eng 
245 1 |a Najnovšie trendy v oblasti mazania a povrchových úpravách pre ťahanie drôtu  
260 |b STU v Bratislave MTF UVTE KT,  |c 2010 
650 7 |a povrchové úpravy  |2 stusub 
700 1 |a Tittel, Viktor,  |d 1948-  |4 ths  |u M3000  |U MTF Materiálovotechnologická fakulta  |T MTF Ústav výrobných technológií  |X 2213  |U M3000  |Y 83  |7 A000002213 
856 4 |a info a plný text  |u http://is.stuba.sk/zp/portal_zp.pl?podrobnosti=58704  |3 VAIS 
996 |c M*DP-9001  |l MMSKP  |s P  |a 0  |w stu206199_0001